Třídní klima a školní klima

Saved in:
Bibliographic Details
Main Author: Čapek, Robert
Format: Book
Language:Czech
Published: Praha GRADA 2010
Series:Pedagogika
Subjects:
Tags: Add Tag
No Tags, Be the first to tag this record!

MARC

LEADER 00000nam a2200000 4500
001 0121367
005 20240313090530.5
020 |a 978-80-247-2742-4 
041 0 |a cze 
044 |a CZ 
245 1 0 |a Třídní klima a školní klima  |c Robert Čapek 
264 1 |a Praha  |b GRADA  |c 2010 
300 |a 325 s. 
490 1 |a Pedagogika 
830 0 |a Pedagogika 
610 2 0 |a pedagogika 
610 2 0 |a vzdelávanie 
610 2 0 |a vyučovanie 
610 2 0 |a komunikácia sociálna 
100 1 |a Čapek, Robert